00371pab a2200145 454500008004000000100002300040245003600063260000900099300001300108362000800121650003000129650001400159700002300173773002900196180718b1999 xxu||||| |||| 00| 0 eng d aSalemo, Michael K. aThe state of economic education c1999 ap.355-61 aMay aEconomics - United States aEconomics aSiegfried, John J. aAmerican Economic Review